Sofia the First Characters By Picture - Statistics

General Stats
  • This quiz has been taken 39 times
  • The average score is 18 of 56
Answer Stats
Picture Answer % Correct
Princess Amber
97%
Cedric
94%
Princess Sofia
85%
Prince James
79%
Jade
76%
King Roland
73%
Prince Hugo
70%
Queen Miranda
70%
Princess Vivian
67%
Ruby
67%
Clover
64%
Princess Hildegard
64%
Minimus
61%
Fauna
58%
Flora
55%
Princess Ivy
55%
Aunt Tilly
45%
Baileywick
42%
Merryweather
42%
Robin
42%
Crackle
39%
Lucinda
39%
Mia
39%
Miss Nettle
39%
Princess Clio
39%
Wormwood
33%
Prince Desmond
30%
Prince Jin
27%
Princess Jun
27%
Teeny
27%
Prince Zandar
21%
Nigel
18%
Prince Khalid
18%
Mossy
15%
Princess Cora
12%
Whatnaught
12%
Carol of the Arrow
9%
Electra
9%
Gnarlie
9%
Sir Dax
9%
Sir Gillium
9%
Tizzy
9%
Goodwyn the Great
6%
Miss Elodie
6%
Prince Derek
6%
Sizzle
6%
Chef Andre
3%
King Garrick
3%
King Habib
3%
Morgana
3%
Prince Axel
3%
Sir Finnegan
3%
Chief Gnuckles
0%
Cordella
0%
Grotta
0%
Queen Avery
0%
No matching quizzes found
Score Distribution
Percent of People with Each Score
Percentile by Number Answered
Your Score History
You have not taken this quiz